000 00873nam a2200265 i 4500
001 000003910
003 DO-SdBNP
005 20231026104205.0
007 ta
008 090715s1982 dr r 000 0 spa d
040 _aDO-SdBNP
_bspa
_cBNPHU
_erda
082 4 _a510
_bL865m, 1982
_222
100 1 _aLora, Ricardo
_911771
_eautor
245 1 0 _aMatemáticas financieras /
_cRicardo Lora.
264 _aSantiago de los Caballeros, República Dominicana :
_bUCMM,
_c1982.
300 _a262 páginas ;
_c23 cm.
336 _2rdacontent
_atexto
_btxt
337 _2rdamedia
_asin mediación
_bn
338 _2rdacarrier
_avolumen
_bnc
590 _aInventariado, 2018/BT
650 4 _aMatemáticas financieras
_xEnseñanzas
_911772
650 4 _aMatemáticas financieras
_xProblemas, ejercicios, etc.
_97100
910 _aValidado. Control de calidad. MFF
942 _2ddc
_cLBS1
999 _c3729
_d3729